00773nam a2200181 a 450000100100000000500170001000800410002704000250006808200250009311001020011824500610022026000700028130000240035165000400037565000470041565000610046265100680052300002147120200930011335.0100908s1973 dr a r 000 0 spa d aDO-SdBNPbspacBNPHU a352.48bR426pr, 19731 aRepública DominicanabSecretariado Técnico de la PresidenciabOficina Nacional de Presupuesto10aPresupuesto de ingresos y ley de gastos públicos 1973. aSanto Domingo :bSecretariado Técnico de la Presidencia,c1973. av. :bil. ;c28 cm. 4aPresupuestozRepública Dominicana 4aHacienda públicazRepública Dominicana 4aPresupuestoxLegislaciónzRepública Dominicanay1973 4aRepública DominicanaxGastos Presupuestarios Públicosy1973